000 005480000a22001810004500
003 MACL
005 20160209180149.0
008 160209b xxu||||| |||| 00| 0 eng d
040 _aMACL
_cMACL
041 _aHindi
082 _a294
100 _aनाटाणी प्रकाश नारायण
_937546
245 _aहमारे त्‍योहार और उत्‍सव
260 _bकिताब घ्‍ार
_aनई दिल्‍ली
350 _a36
650 _aReligion
_937547
942 _cHIN
_k294
_2ddc
999 _c28142
_d28142